| 000 | 00698cam a2200217 4500500 | ||
|---|---|---|---|
| 005 | 20260405004010.0 | ||
| 041 | _afre | ||
| 042 | _adc | ||
| 100 | 1 | 0 |
_aMoreau, Anne-Sophie _eauthor |
| 245 | 0 | 0 | _aAmour, argent, travail… la loi de Pareto explique-t-elle vraiment tout ? La chronique d’Anne-Sophie Moreau |
| 260 | _c2026. | ||
| 500 | _a31 | ||
| 690 | _aAmour | ||
| 690 | _aAnne-Sophie Moreau | ||
| 690 | _aChiffres | ||
| 690 | _aLois | ||
| 690 | _aManagement | ||
| 690 | _aTravail | ||
| 786 | 0 | _nPhilosophie magazine | 197 | 2 | 2026-02-01 | p. 36-37 | 1951-1787 | |
| 856 | 4 | 1 | _uhttps://shs.cairn.info/magazine-philosophie-magazine-2026-2-page-36?lang=fr&redirect-ssocas=7080 |
| 999 |
_c2072770 _d2072770 |
||